00305nam a2200121Ia 45000030006000000080041000060400015000471000024000622450046000862600022001325460012001540050017001660STCL150530s9999 xx 000 0 und d aSTCLcSTCL aGeorge Earle Buckle aLife of Benjamin disraeli vol-V 1868-1876 bJohn Murrayc1920 aEnglish20220125171411.0